Government Potpourri - Nichole - Statistics

General Stats
  • This quiz has been taken 10 times
  • The average score is 20 of 28
Answer Stats
Answer Hint % Correct
Central Intelligence Agency Name the Agency, Bureau, or Organization that goes with this Abbreviation: CIA
100%
Democrat Jackson, Van Buren, Polk, Pierce, Buchanan, Cleveland, Wilson, FDR, Truman, Carter, Clinton, Obama, Biden are all members of this political party
100%
executive This branch of government includes the president and vice president
100%
Federal Bureau of Investigation Name the Agency, Bureau, or Organization that goes with this Abbreviation: FBI
100%
legislative This branch of government includes Congress
100%
people The U.S is a federal republic meaning that power is given to the __________.
100%
Republican Lincoln, Grant, Hayes, Garfield, Arthur, Benjamin Harrison, McKinley, Teddy Roosevelt, Taft, Harding, Coolidge, Hoover, Eisenhower, Nixon, Ford, Reagan, Bush, Bush, and Trump are all members of this political party
100%
articles The federal government is established by ___________ I, II, and III of the Constitution.
80%
bill of rights First 10 amendments to the Constitution are called the ____________, and it was not an afterthought but intended to be part of the Constitution
80%
checks and balances The government works based on the doctrine of separation of powers and a system of ______ ___ _________
80%
Democratic Republic Thomas Jefferson, James Madison, and James Monroe were all members of this political party
80%
Environmental Protection Agency Name the Agency, Bureau, or Organization that goes with this Abbreviation: EPA
80%
judicial This branch of government interprets the law
80%
Patriot Act The Uniting and Strengthening American by Providing Appropriate Tools Required to Intercept and Obstruct Terrorism that was passed on October 26, 2001 was better known as the _________ _____
80%
political party George Washington was not affiliated with one of these that tends to cause controversy, other types of this include the Progressive, Independent, Green, Libertarian, and Reform
80%
supreme court This is the only branch of government that has non elected officials and are appointed to lifetime terms
80%
United States Postal Service Name the Agency, Bureau, or Organization that goes with this Abbreviation: USPS
80%
Whig William Henry Harrison, John Tyler, and Millard Filmore were members of this political party
80%
Center for Disease Control Name the Agency, Bureau, or Organization that goes with this Abbreviation: CDC
60%
Federalist John Adams was the only member of this political party to be elected president
60%
Food and Drug Administration Name the Agency, Bureau, or Organization that goes with this Abbreviation: FDA
60%
justices The supreme court has 9 members and one chief one of these
60%
National Aeronautics and Space Administration Name the Agency, Bureau, or Organization that goes with this Abbreviation: NASA
60%
Federal Communications Commission Name the Agency, Bureau, or Organization that goes with this Abbreviation: FCC
20%
Federal Housing Finance Agency Name the Agency, Bureau, or Organization that goes with this Abbreviation: FHFA
20%
Library of Congress Name the Agency, Bureau, or Organization that goes with this Abbreviation: LOC
20%
National Union Andrew Johnson the only member of this political party to be elected president
20%
stimulus When the government gives out money to the people to help the economy it is giving out a ___________.
20%
No matching quizzes found
Score Distribution
Percent of People with Each Score
Percentile by Number Answered
Your Score History
You have not taken this quiz